QUEST Central Library Banner

The Muslim Delusion (Record no. 67042)

MARC details
000 -LEADER
fixed length control field 00229nam a22001097a 4500
082 ## - DEWEY DECIMAL CLASSIFICATION NUMBER
Classification number 297HUS
100 ## - MAIN ENTRY--AUTHOR NAME
Personal name DR.Iqbal Syed Hussain
245 ## - TITLE STATEMENT
Title The Muslim Delusion
260 ## - PUBLICATION, DISTRIBUTION, ETC. (IMPRINT)
Place of publication Islamabad
Name of publisher HEC
Year of publication 2010
300 ## - PHYSICAL DESCRIPTION
Number of Pages 144p
942 ## - ADDED ENTRY ELEMENTS (KOHA)
Koha item type Books
Holdings
Withdrawn status Lost status Home library Current library Date acquired Full call number Accession Number Koha item type
    Central Library, QUEST, Nawabshah Central Library, QUEST, Nawabshah 29/07/2021 297HUS (Shelf - 16B) D973 Books

Copyright © 2018,The QUEST, Nawabshah, Shaheed Benazirabad. All rights reserved
Mr. G. Farooq Channar (Librarian) QUEST, Nawabshah, Sindh, Pakistan 67480.
 Ph#: |   0244-9370381-4 Ext. 2308   Email| lib@quest.edu.pk   Web|  http://www.quest.edu.pk